<?xml version="1.0" encoding="UTF-8"?><?xml-stylesheet type="text/xsl" href="static/style.xsl"?><OAI-PMH xmlns="http://www.openarchives.org/OAI/2.0/" xmlns:xsi="http://www.w3.org/2001/XMLSchema-instance" xsi:schemaLocation="http://www.openarchives.org/OAI/2.0/ http://www.openarchives.org/OAI/2.0/OAI-PMH.xsd"><responseDate>2026-04-17T23:14:06Z</responseDate><request verb="GetRecord" identifier="oai:www.recercat.cat:20.500.12328/5040" metadataPrefix="marc">https://recercat.cat/oai/request</request><GetRecord><record><header><identifier>oai:recercat.cat:20.500.12328/5040</identifier><datestamp>2025-10-02T22:57:14Z</datestamp><setSpec>com_2072_67741</setSpec><setSpec>col_2072_484352</setSpec></header><metadata><record xmlns="http://www.loc.gov/MARC21/slim" xmlns:dcterms="http://purl.org/dc/terms/" xmlns:xsi="http://www.w3.org/2001/XMLSchema-instance" xmlns:doc="http://www.lyncode.com/xoai" xsi:schemaLocation="http://www.loc.gov/MARC21/slim http://www.loc.gov/standards/marcxml/schema/MARC21slim.xsd">
   <leader>00925njm 22002777a 4500</leader>
   <datafield ind2=" " ind1=" " tag="042">
      <subfield code="a">dc</subfield>
   </datafield>
   <datafield ind2=" " ind1=" " tag="720">
      <subfield code="a">Vidal Domper, Nuria</subfield>
      <subfield code="e">author</subfield>
   </datafield>
   <datafield ind2=" " ind1=" " tag="720">
      <subfield code="a">Herrero Olarte, Susana</subfield>
      <subfield code="e">author</subfield>
   </datafield>
   <datafield ind2=" " ind1=" " tag="720">
      <subfield code="a">Ramos, Gioconda</subfield>
      <subfield code="e">author</subfield>
   </datafield>
   <datafield ind2=" " ind1=" " tag="720">
      <subfield code="a">Benages-Albert, Marta</subfield>
      <subfield code="e">author</subfield>
   </datafield>
   <datafield ind2=" " ind1=" " tag="260">
      <subfield code="c">2025</subfield>
   </datafield>
   <datafield ind2=" " ind1=" " tag="520">
      <subfield code="a">The presence of people has a complex relationship with public safety—while it is often associated with increased natural surveillance, it can also attract specific types of crime under certain urban conditions. This exploratory study examines this dual relationship by integrating Jane Jacobs’s urban theories and the principles derived from them in Quito, Ecuador. Anchored in Jacobs’s concept of “eyes on the street,” this research assesses four morphological dimensions—density, land use mixture, contact opportunity, and accessibility through nine specific indicators. A binary logistic regression model is used to examine how these features relate to the incidence of street robberies against individuals. The findings indicate that urban form characteristics that foster “eyes on the street”—such as higher population density and a mix of commercial and residential uses—show statistically significant associations with lower rates of street robbery. However, other indicators of “eyes on the street”—such as larger block sizes, proximity to public transport stations, greater street lighting, and a higher balance between residential and non-residential land uses—correlate with increased crime rates. Some indicators, such as population density, block size, and distance to public transport stations, show statistically significant relationships, though the practical effect size compared to residential/non-residential balance, commercial and facility mix, and street lighting is modest. These results underscore the importance of contextualizing Jacobs’s frameworks and offer a novel contribution to the literature by empirically testing morphological indicators promoting the presence of people against actual crime data.</subfield>
   </datafield>
   <datafield ind1="8" ind2=" " tag="024">
      <subfield code="a">Vidal Domper, Nuria; Herrero Olarte, Susana; Ramos, Gioconda [et al.]. “Eyes on the Street” as a conditioning factor for street safety comprehension: Quito as a case study. Buildings, 2025, 15(15), 2590. Disponible en: &lt;https://www.mdpi.com/2075-5309/15/15/2590>. Fecha de acceso: 29 sep. 2025. DOI: 10.3390/buildings15152590</subfield>
   </datafield>
   <datafield ind1="8" ind2=" " tag="024">
      <subfield code="a">2075-5309</subfield>
   </datafield>
   <datafield ind1="8" ind2=" " tag="024">
      <subfield code="a">http://hdl.handle.net/20.500.12328/5040</subfield>
   </datafield>
   <datafield ind1="8" ind2=" " tag="024">
      <subfield code="a">https://dx.doi.org/10.3390/buildings15152590</subfield>
   </datafield>
   <datafield tag="653" ind2=" " ind1=" ">
      <subfield code="a">Ulls al carrer</subfield>
   </datafield>
   <datafield tag="653" ind2=" " ind1=" ">
      <subfield code="a">Seguretat viària</subfield>
   </datafield>
   <datafield tag="653" ind2=" " ind1=" ">
      <subfield code="a">Model de regressió logística binària</subfield>
   </datafield>
   <datafield tag="653" ind2=" " ind1=" ">
      <subfield code="a">Quito</subfield>
   </datafield>
   <datafield tag="653" ind2=" " ind1=" ">
      <subfield code="a">Ojos en la calle</subfield>
   </datafield>
   <datafield tag="653" ind2=" " ind1=" ">
      <subfield code="a">Seguridad vial</subfield>
   </datafield>
   <datafield tag="653" ind2=" " ind1=" ">
      <subfield code="a">Modelo de regresión logística binaria</subfield>
   </datafield>
   <datafield tag="653" ind2=" " ind1=" ">
      <subfield code="a">Quito</subfield>
   </datafield>
   <datafield tag="653" ind2=" " ind1=" ">
      <subfield code="a">Eyes on the street</subfield>
   </datafield>
   <datafield tag="653" ind2=" " ind1=" ">
      <subfield code="a">Street safety</subfield>
   </datafield>
   <datafield tag="653" ind2=" " ind1=" ">
      <subfield code="a">Binary logistic regression model</subfield>
   </datafield>
   <datafield tag="653" ind2=" " ind1=" ">
      <subfield code="a">Quito</subfield>
   </datafield>
   <datafield ind2="0" ind1="0" tag="245">
      <subfield code="a">“Eyes on the Street” as a conditioning factor for street safety comprehension: Quito as a case study</subfield>
   </datafield>
</record></metadata></record></GetRecord></OAI-PMH>